[Event "NOR-ch"]
[Site "Oslo"]
[Date "2023.07.06"]
[Round "7"]
[White "Djurhuus, Rune"]
[Black "Kaasen, Tor Fredrik"]
[Result "1/2-1/2"]
[WhiteElo "2402"]
[BlackElo "2484"]
[PlyCount "139"]
[EventDate "2023.06.30"]
[EventType "swiss"]
[EventRounds "9"]
[EventCountry "NOR"]
[SourceTitle "CBM 215 Extra"]
[Source "ChessBase"]
[SourceDate "2023.09.30"]
[SourceVersion "1"]
[SourceVersionDate "2023.09.30"]
[SourceQuality "1"]

1. d4 Nf6 2. c4 e6 3. Nc3 Bb4 4. e3 0-0 5. Bd3 d5 6. Nf3 dxc4 7. Bxc4 c5 8. 0-0 Nc6 9. a3 Ba5 10. Qd3 a6 11. Bb3 b5 12. Bc2 c4 13. Qe2 Bb7 14. Rd1 Ne7 15. e4 Ng6 16. Ne5 Nxe5 17. dxe5 Nd7 18. f4 Qc7 19. Be3 Nc5 20. Rd6 Bxc3 21. bxc3 Bxe4 22. Qf2 Nd3 23. Qh4 Qa5 24. Bd4 Rad8 25. Bxd3 cxd3 26. Qe1 Rxd6 27. exd6 f5 28. Qf2 Rd8 29. Be5 Rd7 30. Qd4 Qd8 31. h3 Qc8 32. Ra2 Qc4 33. Qxc4 bxc4 34. Rb2 Rb7 35. Rxb7 d2 36. Rxg7+ Kf8 37. d7 d1Q+ 38. Kh2 Bc6 39. Bd4 Bxd7 40. Rxd7 Qc1 41. Be5 h5 42. Rc7 Qxa3 43. Rxc4 a5 44. Rc8+ Ke7 45. Rh8 a4 46. Rxh5 Qc1 47. Rh7+ Ke8 48. Ra7 Qc2 49. Bd6 Qd2 50. Be5 Qc2 51. Kg3 Kf8 52. Ra8+ Kf7 53. Ra7+ Kf8 54. Rc7 Qe2 55. c4 a3 56. Rc8+ Kf7 57. Ra8 Qe3+ 58. Kh2 Qc5 59. Ra6 Ke7 60. h4 Qxc4 61. Rxa3 Qe2 62. Rf3 Kf7 63. h5 Kg8 64. h6 Kh7 65. Rh3 Qg4 66. Bd6 Qd1 67. Be7 Qd2 68. Rf3 Kxh6 69. Bf6 Kg6 70. Be5 1/2-1/2

[Event "NOR-ch"]
[Site "Oslo"]
[Date "2023.07.05"]
[Round "6"]
[White "Djurhuus, Rune"]
[Black "Vestby Ellingsen, Mads"]
[Result "0-1"]
[WhiteElo "2402"]
[BlackElo "2358"]
[PlyCount "108"]
[EventDate "2023.06.30"]
[EventType "swiss"]
[EventRounds "9"]
[EventCountry "NOR"]
[SourceTitle "CBM 215 Extra"]
[Source "ChessBase"]
[SourceDate "2023.09.30"]
[SourceVersion "1"]
[SourceVersionDate "2023.09.30"]
[SourceQuality "1"]

1. d4 d5 2. c4 e6 3. Nc3 Nf6 4. Nf3 Be7 5. e3 0-0 6. Bd3 b6 7. 0-0 Bb7 8. Qe2 Nbd7 9. Rd1 Ne4 10. Nd2 Ndf6 11. f3 Nxd2 12. Bxd2 c5 13. dxc5 Bxc5 14. Kh1 Qe7 15. a3 Rfd8 16. Rac1 Rac8 17. e4 dxe4 18. Nxe4 Nxe4 19. Bxe4 Bxe4 20. Qxe4 Bd4 21. Qb1 Qf6 22. b4 Be5 23. Qc2 Qh4 24. f4 Bxf4 25. Bxf4 Qxf4 26. c5 Rxd1+ 27. Rxd1 bxc5 28. bxc5 Qf5 29. Qc4 h5 30. c6 Qa5 31. a4 Qb6 32. Rc1 Rc7 33. h3 e5 34. Qd5 Qd4 35. Qa5 Qd6 36. Qb5 g6 37. a5 Kg7 38. a6 e4 39. Qc4 Qe5 40. Rd1 e3 41. Rd7 Rxd7 42. cxd7 e2 43. Qxe2 Qxe2 44. d8Q Qxa6 45. Qd4+ Kh7 46. Kh2 Qa2 47. Kg1 a5 48. g4 hxg4 49. Qxg4 Qa1+ 50. Kg2 a4 51. h4 Qb2+ 52. Kh1 a3 53. h5 Qb1+ 54. Kh2 a2 0-1

[Event "NOR-chT Elite 2223"]
[Site "Norway"]
[Date "2023.03.03"]
[Round "7.42"]
[White "Djurhuus, Rune"]
[Black "Soderstrom, Adrian"]
[Result "1-0"]
[WhiteElo "2406"]
[BlackElo "2202"]
[PlyCount "101"]
[EventDate "2022.11.11"]
[EventType "team-tourn"]
[EventRounds "9"]
[EventCountry "NOR"]
[SourceTitle "CBM 213 Extra"]
[Source "ChessBase"]
[SourceDate "2023.05.31"]
[SourceVersion "1"]
[SourceVersionDate "2023.05.31"]
[SourceQuality "1"]
[WhiteTeam "Nordstrand"]
[BlackTeam "Hell"]
[WhiteTeamCountry "NOR"]
[BlackTeamCountry "NOR"]

1. Nf3 d5 2. g3 g6 3. c4 d4 4. e3 c5 5. exd4 cxd4 6. d3 Bg7 7. Bg2 Nc6 8. 0-0 Nf6 9. Re1 0-0 10. Na3 Bf5 11. Nc2 a5 12. b3 Nd7 13. Nh4 Bxd3 14. Qxd3 Nc5 15. Qd2 d3 16. Rb1 dxc2 17. Qxc2 Qd3 18. Re2 Qxc2 19. Rxc2 Nd4 20. Rd2 Rad8 21. Ba3 b6 22. Rbd1 e5 23. Bb2 Nce6 24. Kf1 g5 25. Nf3 g4 26. Nxd4 Nxd4 27. Bd5 Bf6 28. Rd3 Kg7 29. Kg2 h5 30. h3 Rh8 31. Re3 Kg6 32. hxg4 hxg4 33. Re4 Kf5 34. Bxd4 exd4 35. Rf4+ Kg5 36. Bxf7 Rd6 37. Re4 Kf5 38. Rde1 d3 39. Be6+ Rxe6 40. Rf4+ Kg5 41. Rxe6 Bc3 42. Rd6 d2 43. Rd5+ Kh6 44. Re4 Rf8 45. Re6+ Kg7 46. Re3 Bb4 47. a3 Rf5 48. Rd7+ Rf7 49. Rxf7+ Kxf7 50. Rd3 Bc3 51. Kf1 1-0

[Event "NOR-ch"]
[Site "Kongsvinger"]
[Date "2022.07.16"]
[Round "9"]
[White "Vestby Ellingsen, Mads"]
[Black "Djurhuus, Rune"]
[Result "1/2-1/2"]
[WhiteElo "2351"]
[BlackElo "2407"]
[PlyCount "120"]
[EventDate "2022.07.08"]
[EventType "swiss"]
[EventRounds "9"]
[EventCountry "NOR"]
[SourceTitle "CBM 209 Extra"]
[Source "ChessBase"]
[SourceDate "2022.09.30"]
[SourceVersion "1"]
[SourceVersionDate "2022.09.30"]
[SourceQuality "1"]

1. e4 c5 2. Nf3 g6 3. d4 cxd4 4. Nxd4 Bg7 5. c4 Nc6 6. Be3 Nf6 7. Nc3 d6 8. Be2 0-0 9. 0-0 Bd7 10. Nc2 a6 11. f3 Rb8 12. Qd2 Ne5 13. a4 a5 14. Rfd1 Be6 15. Nd4 Bd7 16. Rac1 Bc6 17. b3 Ned7 18. Qc2 Qc8 19. Ncb5 Nc5 20. e5 Ne8 21. exd6 exd6 22. Nxc6 Qxc6 23. Rd2 f5 24. Rcd1 f4 25. Bd4 Bxd4+ 26. Rxd4 Rd8 27. Kh1 Rf6 28. Bd3 b6 29. Be4 Qd7 30. Bd5+ Kh8 31. Qc3 Ng7 32. Be4 Qe7 33. Bc2 Re6 34. Rxf4 Re3 35. Qa1 Re8 36. h3 Re1+ 37. Rxe1 Qxe1+ 38. Qxe1 Rxe1+ 39. Kh2 Nge6 40. Rf7 Re2 41. Be4 Ng5 42. Rf6 Ngxe4 43. fxe4 Nxb3 44. Nxd6 Nc5 45. Rf7 Kg8 46. Ra7 Nxe4 47. Re7 Nc3 48. Rxe2 Nxe2 49. Nc8 Kf7 50. Nxb6 Ke6 51. c5 Nc3 52. Nc4 Kd5 53. Nxa5 Kxc5 54. Nb3+ Kc4 55. Na5+ Kc5 56. Nb7+ Kc6 57. Nd8+ Kd7 58. Nf7 Ke7 59. Ng5 h6 60. Nf3 Nxa4 1/2-1/2

[Event "NOR-ch"]
[Site "Kongsvinger"]
[Date "2022.07.11"]
[Round "4"]
[White "Kaasen, Tor Fredrik"]
[Black "Djurhuus, Rune"]
[Result "1-0"]
[WhiteElo "2433"]
[BlackElo "2407"]
[PlyCount "67"]
[EventDate "2022.07.08"]
[EventType "swiss"]
[EventRounds "9"]
[EventCountry "NOR"]
[SourceTitle "CBM 209 Extra"]
[Source "ChessBase"]
[SourceDate "2022.09.30"]
[SourceVersion "1"]
[SourceVersionDate "2022.09.30"]
[SourceQuality "1"]

1. e4 e6 2. d4 d5 3. Nc3 Bb4 4. e5 c5 5. a3 Bxc3+ 6. bxc3 Qc7 7. Qg4 f6 8. Nf3 Nc6 9. Qg3 cxd4 10. cxd4 fxe5 11. dxe5 Qf7 12. Bd3 Nge7 13. Qh3 h6 14. Rb1 b6 15. a4 Bd7 16. Bd2 Rc8 17. a5 Nxa5 18. Bxa5 bxa5 19. Rb7 a6 20. 0-0 Rd8 21. Nd4 0-0 22. f4 a4 23. Ra7 a3 24. Be2 Bb5 25. Bxb5 axb5 26. Qxa3 Rde8 27. Qd6 Kh7 28. Nxe6 Rg8 29. Rf3 Kh8 30. Ng5 Qf8 31. Rxe7 Qxe7 32. Qg6 Qc5+ 33. Rf2 hxg5 34. Qh5# 1-0

[Event "NOR-chT Clubs"]
[Site "Drammen"]
[Date "2022.05.26"]
[Round "3"]
[White "Abdrlauf, Elham"]
[Black "Djurhuus, Rune"]
[Result "1/2-1/2"]
[WhiteElo "2455"]
[BlackElo "2396"]
[PlyCount "59"]
[EventDate "2022.05.26"]
[EventType "team-swiss"]
[EventRounds "6"]
[EventCountry "NOR"]
[SourceTitle "EXT 2024"]
[Source "ChessBase"]
[SourceDate "2023.10.10"]
[SourceVersion "1"]
[SourceVersionDate "2023.10.10"]
[SourceQuality "1"]
[WhiteTeam "Oslo SS"]
[BlackTeam "Nordstrand"]
[WhiteTeamCountry "NOR"]
[BlackTeamCountry "NOR"]

1. e4 e6 2. d4 d5 3. Nc3 Bb4 4. e5 c5 5. a3 Bxc3+ 6. bxc3 Qc7 7. Rb1 Ne7 8. h4 b6 9. h5 h6 10. Rh3 Ba6 11. Ne2 Nbc6 12. g4 Rc8 13. f4 Na5 14. Rb2 Qd7 15. Rf3 f5 16. exf6 gxf6 17. f5 exf5 18. gxf5 Nc4 19. Rb1 Nd6 20. dxc5 bxc5 21. Nf4 Bxf1 22. Kxf1 Qxf5 23. Ng6 Qxh5 24. Nxh8 Qh1+ 25. Ke2 Qg2+ 26. Ke1 Qg1+ 27. Ke2 Qg2+ 28. Rf2 Qg4+ 29. Ke1 Qg1+ 30. Ke2 1/2-1/2

[Event "NOR-chT Clubs"]
[Site "Drammen"]
[Date "2022.05.26"]
[Round "5"]
[White "Christiansen, Johan Sebastian"]
[Black "Djurhuus, Rune"]
[Result "1/2-1/2"]
[WhiteElo "2592"]
[BlackElo "2396"]
[PlyCount "35"]
[EventDate "2022.05.26"]
[EventType "team-swiss"]
[EventRounds "6"]
[EventCountry "NOR"]
[SourceTitle "EXT 2024"]
[Source "ChessBase"]
[SourceDate "2023.10.10"]
[SourceVersion "1"]
[SourceVersionDate "2023.10.10"]
[SourceQuality "1"]
[WhiteTeam "Offerspill Elite"]
[BlackTeam "Nordstrand"]
[WhiteTeamCountry "NOR"]
[BlackTeamCountry "NOR"]

1. Nf3 g6 2. e4 c5 3. c3 d5 4. exd5 Nf6 5. d4 Qxd5 6. Nbd2 cxd4 7. Bc4 Qd6 8. Nxd4 Bg7 9. 0-0 a6 10. Re1 0-0 11. Qe2 b5 12. Bd3 Nc6 13. Nxc6 Qxc6 14. Qf3 Qxf3 15. Nxf3 Rd8 16. Bf1 Nd5 17. a4 Bd7 18. axb5 1/2-1/2

[Event "Titled Tuesday intern op 04th Jan"]
[Site "Chess.com INT"]
[Date "2022.01.04"]
[Round "2"]
[White "Belenkaya, Dina"]
[Black "Djurhuus, Rune"]
[Result "0-1"]
[WhiteElo "2277"]
[BlackElo "2403"]
[PlyCount "64"]
[EventDate "2022.01.04"]
[EventType "swiss (blitz)"]
[EventRounds "11"]
[EventCountry "USA"]
[SourceTitle "EXT 2023"]
[Source "ChessBase"]
[SourceDate "2022.10.05"]
[SourceVersion "1"]
[SourceVersionDate "2022.10.05"]
[SourceQuality "1"]

1. Nf3 g6 2. g3 Bg7 3. Bg2 c5 4. d3 Nc6 5. 0-0 e6 6. c4 Nge7 7. Nc3 0-0 8. Bd2 d5 9. a3 d4 10. Ne4 b6 11. b4 f5 12. Neg5 h6 13. Nh3 Bb7 14. Rb1 Qd7 15. Qc1 Kh7 16. Ne1 e5 17. f4 e4 18. dxe4 fxe4 19. bxc5 bxc5 20. Bxe4 Rab8 21. Bg2 Nf5 22. Nf2 Ne3 23. Bxe3 dxe3 24. Ne4 Nd4 25. Qxe3 Nf5 26. Qc1 Bd4+ 27. Kh1 Ne3 28. Ng5+ hxg5 29. Bxb7 Rxb7 30. Nf3 g4 31. Ng5+ Kh8 32. Rg1 Qc6+ 0-1

[Event "Oslo Offerspill Nordic"]
[Site "Oslo"]
[Date "2020.08.24"]
[Round "4"]
[White "Kvaloy, Aksel Bu"]
[Black "Djurhuus, Rune"]
[Result "1/2-1/2"]
[WhiteElo "2093"]
[BlackElo "2430"]
[PlyCount "131"]
[EventDate "2020.08.21"]
[EventType "swiss"]
[EventRounds "9"]
[EventCountry "NOR"]
[SourceTitle "CBM 198 Extra"]
[Source "ChessBase"]
[SourceDate "2020.11.30"]
[SourceVersion "1"]
[SourceVersionDate "2020.11.30"]
[SourceQuality "1"]

1. e4 c5 2. Nf3 g6 3. c3 Bg7 4. d4 cxd4 5. cxd4 d5 6. e5 Bg4 7. Bb5+ Bd7 8. Be2 Nh6 9. Nc3 Bc6 10. Bf4 f6 11. Bxh6 Bxh6 12. h4 Nd7 13. h5 Qb6 14. hxg6 hxg6 15. Qc2 Nf8 16. Rd1 0-0-0 17. 0-0 Kb8 18. b4 Ne6 19. b5 Be8 20. Na4 Qa5 21. Nc5 Rc8 22. Qb2 Nxc5 23. dxc5 Rxc5 24. exf6 exf6 25. Qxf6 Rf8 26. Qd6+ Qc7 27. Rxd5 Rxd5 28. Qxd5 Bf7 29. Qe5 Bxa2 30. Ra1 Qxe5 31. Nxe5 Be6 32. Bc4 Bg7 33. Bxe6 Bxe5 34. Rd1 Bc7 35. Bg4 Bb6 36. Bf3 g5 37. Rd7 g4 38. Rxb7+ Kc8 39. Rxb6 gxf3 40. Rg6 Rf5 41. b6 axb6 42. Rxb6 fxg2 43. Rd6 Rg5 44. Rd3 Kc7 45. Rg3 Re5 46. Rd3 Rg5 47. Rg3 Re5 48. Kxg2 Kd6 49. Rg6+ Ke7 50. Ra6 Kf7 51. Kg3 Rb5 52. f4 Rc5 53. Kg4 Rb5 54. Ra7+ Kf6 55. Ra8 Rc5 56. Rf8+ Kg7 57. Re8 Kf6 58. Rf8+ Kg7 59. Rf5 Rxf5 60. Kxf5 Kf7 61. Ke5 Ke7 62. f5 Kf7 63. f6 Kf8 64. Ke6 Ke8 65. f7+ Kf8 66. Kf6 1/2-1/2

[Event "Oslo Offerspill op"]
[Site "Oslo"]
[Date "2020.06.10"]
[Round "1"]
[White "Sjoberg, Isak"]
[Black "Djurhuus, Rune"]
[Result "1-0"]
[WhiteElo "2189"]
[BlackElo "2437"]
[PlyCount "85"]
[EventDate "2020.06.10"]
[EventType "swiss"]
[EventRounds "9"]
[EventCountry "NOR"]
[SourceTitle "CBM 197 Extra"]
[Source "ChessBase"]
[SourceDate "2020.09.30"]
[SourceVersion "1"]
[SourceVersionDate "2020.09.30"]
[SourceQuality "1"]

1. e4 e6 2. d4 d5 3. Nd2 Be7 4. Bd3 c5 5. dxc5 Nf6 6. Qe2 a5 7. Ngf3 Na6 8. e5 Nd7 9. c4 Ndxc5 10. Bb1 Nc7 11. 0-0 b6 12. Rd1 Ba6 13. b3 0-0 14. Nd4 Qe8 15. N2f3 f5 16. exf6 Bxf6 17. Ne5 dxc4 18. bxc4 Rd8 19. Bf4 Bb7 20. Bc2 N7a6 21. Nb5 g6 22. Bh6 Qe7 23. Bxf8 Rxf8 24. a3 Nb8 25. Nd6 Ba8 26. Rab1 Qc7 27. f3 Nb7 28. Nxg6 hxg6 29. Qxe6+ Kh7 30. Qh3+ Kg7 31. Qg3 Qc5+ 32. Kh1 Qg5 33. Qxg5 Bxg5 34. Nxb7 Bxb7 35. Rxb6 Bc6 36. Rd6 Bf6 37. Rdxc6 Nxc6 38. Rxc6 Rd8 39. g3 Rd2 40. Be4 Ra2 41. Ra6 Rxa3 42. c5 g5 43. Ra7+ 1-0

[Event "NOR-chT Elite 1920"]
[Site "Norway"]
[Date "2020.03.07"]
[Round "8.5"]
[White "Djurhuus, Rune"]
[Black "Byklum, Bjornar"]
[Result "0-1"]
[WhiteElo "2460"]
[BlackElo "2329"]
[PlyCount "94"]
[EventDate "2019.11.01"]
[EventType "team-tourn"]
[EventRounds "9"]
[EventCountry "NOR"]
[SourceTitle "CBM 195 Extra"]
[Source "ChessBase"]
[SourceDate "2020.05.31"]
[SourceVersion "1"]
[SourceVersionDate "2020.05.31"]
[SourceQuality "1"]
[WhiteTeam "Nordstrand"]
[BlackTeam "SOSS"]
[WhiteTeamCountry "NOR"]
[BlackTeamCountry "NOR"]

1. e4 c5 2. Nf3 e6 3. Qe2 Nc6 4. g3 Nf6 5. Bg2 d5 6. d3 Be7 7. 0-0 b5 8. Re1 0-0 9. e5 Nd7 10. c4 bxc4 11. dxc4 Ba6 12. Na3 Rb8 13. b3 Nb6 14. Rd1 Qc8 15. Bg5 Bxg5 16. Nxg5 h6 17. Nf3 dxc4 18. bxc4 Na5 19. Nd2 Rd8 20. Rac1 Rd4 21. Bf1 Qe8 22. Nb5 Bxb5 23. cxb5 c4 24. a4 Nxa4 25. Nxc4 Rxc4 26. Rxc4 Nxc4 27. Qxc4 Nb2 28. Qb3 Nxd1 29. Qxd1 Qd8 30. Qa4 Qb6 31. Qe4 Rd8 32. h4 Rd1 33. Qa8+ Kh7 34. Qe4+ Kg8 35. Qa8+ Qd8 36. Qxa7 Qd3 37. Qa8+ Kh7 38. Qg2 Qxb5 39. f4 Qd3 40. h5 Rxf1+ 41. Qxf1 Qxg3+ 42. Kh1 Qh4+ 43. Kg2 Qg4+ 44. Kh2 Qxh5+ 45. Kg3 Qg6+ 46. Kf3 Qf5 47. Kg3 g5 0-1

[Event "NOR-chT Elite 1920"]
[Site "Norway"]
[Date "2019.12.08"]
[Round "3.4"]
[White "Djurhuus, Rune"]
[Black "Vestby Ellingsen, Mads"]
[Result "1-0"]
[WhiteElo "2460"]
[BlackElo "2351"]
[PlyCount "123"]
[EventDate "2019.11.01"]
[EventType "team-tourn"]
[EventRounds "9"]
[EventCountry "NOR"]
[SourceTitle "CBM 194 Extra"]
[Source "ChessBase"]
[SourceDate "2020.03.31"]
[SourceVersion "1"]
[SourceVersionDate "2020.03.31"]
[SourceQuality "1"]
[WhiteTeam "Nordstrand"]
[BlackTeam "Tromsoe"]
[WhiteTeamCountry "NOR"]
[BlackTeamCountry "NOR"]

1. Nf3 c5 2. e4 d6 3. d4 cxd4 4. Nxd4 Nf6 5. Nc3 a6 6. a4 e5 7. Nf3 Be7 8. Bg5 Be6 9. Bxf6 Bxf6 10. Nd5 Nd7 11. Bc4 Rc8 12. Qe2 Nb6 13. Nxf6+ Qxf6 14. Bxe6 Qxe6 15. b3 d5 16. a5 Nd7 17. exd5 Qxd5 18. 0-0 0-0 19. Rfd1 Qc6 20. c4 e4 21. Nd4 Qg6 22. f3 Rfe8 23. fxe4 Rxe4 24. Qf2 Nf6 25. Qf5 Rce8 26. Qxg6 hxg6 27. h3 Re3 28. b4 Ne4 29. Nf3 Re7 30. Re1 Rd3 31. Rad1 Rxd1 32. Rxd1 Nc3 33. Rd3 Ne4 34. Rd8+ Kh7 35. c5 f6 36. Nd4 Nc3 37. Ra8 Nd5 38. c6 Nxb4 39. Ra7 Nxc6 40. Nxc6 Rd7 41. Nb4 Rd1+ 42. Kh2 Ra1 43. Rxb7 Rxa5 44. Ra7 Ra4 45. Nxa6 g5 46. Ra8 g4 47. h4 g5 48. hxg5 f5 49. Kg3 Kg6 50. Kh4 Ra2 51. Nc7 Rxg2 52. Ra6+ Kh7 53. Rh6+ Kg8 54. Rf6 Rh2+ 55. Kg3 Rh3+ 56. Kg2 Rc3 57. Ne6 Rc2+ 58. Kg3 Rc3+ 59. Kf4 Rf3+ 60. Ke5 g3 61. Rf8+ Kh7 62. Kf6 1-0

[Event "NOR-chT 1819"]
[Site "Norway"]
[Date "2019.01.13"]
[Round "6.3"]
[White "Lund, Gunnar"]
[Black "Djurhuus, Rune"]
[Result "0-1"]
[WhiteElo "2227"]
[BlackElo "2458"]
[PlyCount "192"]
[EventDate "2018.11.02"]
[EventType "team-tourn"]
[EventRounds "9"]
[EventCountry "NOR"]
[SourceTitle "CBM 188 Extra"]
[Source "ChessBase"]
[SourceDate "2019.02.26"]
[SourceVersion "1"]
[SourceVersionDate "2019.02.26"]
[SourceQuality "1"]
[WhiteTeam "Tromsoe"]
[BlackTeam "Nordstrand"]
[WhiteTeamCountry "NOR"]
[BlackTeamCountry "NOR"]

1. e4 Nc6 2. d4 d5 3. exd5 Qxd5 4. Be3 e5 5. Nf3 Bg4 6. Be2 exd4 7. Nc3 Bb4 8. 0-0 Qh5 9. Nxd4 Bd6 10. f4 Bxe2 11. Qxe2 Qxe2 12. Ncxe2 Nge7 13. Nb5 0-0-0 14. Rad1 Nf5 15. Nxd6+ Nxd6 16. Nd4 Nb4 17. c3 Nd5 18. Bc1 Rhe8 19. Rfe1 Rxe1+ 20. Rxe1 c5 21. Nf3 f6 22. Rd1 Nf5 23. Kf2 h5 24. g3 Kc7 25. h3 Nxc3 26. Rxd8 Ne4+ 27. Kg2 Kxd8 28. g4 hxg4 29. hxg4 Ne7 30. Nh4 Kd7 31. Kf3 Nd6 32. b3 b5 33. Ng2 Nd5 34. f5 Nf7 35. Bf4 Nxf4 36. Nxf4 Ne5+ 37. Ke4 Nxg4 38. Nh5 Kd6 39. Nxg7 Nf2+ 40. Ke3 Nh3 41. Ke4 Ng5+ 42. Kf4 Nf7 43. Ke4 Kc6 44. Nh5 Nd6+ 45. Kf4 Ne8 46. Ke4 Kd6 47. Nf4 Nc7 48. a3 a6 49. a4 Kc6 50. axb5+ axb5 51. Nh5 Ne8 52. Ke3 Kd5 53. Nf4+ Ke5 54. Nd3+ Kxf5 55. Nxc5 Ke5 56. Nd3+ Kd6 57. Ke4 Ng7 58. Kd4 Ne6+ 59. Kc3 f5 60. Kb4 Nd4 61. Nf4 Ke5 62. Ng6+ Kd5 63. Ne7+ Ke4 64. Ng8 f4 65. Nf6+ Kf5 66. Nd5 f3 67. Kc5 Ke4 68. Nf6+ Kd3 69. Ng4 Nxb3+ 70. Kxb5 Ke2 71. Kc4 Nc1 72. Kd5 Nd3 73. Ke6 Nb4 74. Ke5 Nd3+ 75. Kf5 Nc5 76. Ke5 Nd7+ 77. Kf5 Nb6 78. Ke5 Nc8 79. Ke6 Na7 80. Ke5 Nb5 81. Kf4 Nd6 82. Kg5 Ne4+ 83. Kf5 Nd2 84. Kf4 Nc4 85. Ke4 Nd6+ 86. Kf4 Nf7 87. Kg3 Nh6 88. Nh2 f2 89. Kf4 Nf7 90. Kf5 Nd6+ 91. Kf4 Nc4 92. Kg3 Ne5 93. Kg2 Nf3 94. Nf1 Ne1+ 95. Kh2 Kxf1 96. Kh1 Ke2 0-1

[Event "NOR-chT 1819"]
[Site "Norway"]
[Date "2019.01.11"]
[Round "4.1"]
[White "Djurhuus, Rune"]
[Black "Flermoen, Peter"]
[Result "1-0"]
[WhiteElo "2458"]
[BlackElo "2316"]
[PlyCount "111"]
[EventDate "2018.11.02"]
[EventType "team-tourn"]
[EventRounds "9"]
[EventCountry "NOR"]
[SourceTitle "CBM 188 Extra"]
[Source "ChessBase"]
[SourceDate "2019.02.26"]
[SourceVersion "1"]
[SourceVersionDate "2019.02.26"]
[SourceQuality "1"]
[WhiteTeam "Nordstrand"]
[BlackTeam "Alta"]
[WhiteTeamCountry "NOR"]
[BlackTeamCountry "NOR"]

1. d4 Nf6 2. c4 e6 3. Nc3 d5 4. cxd5 exd5 5. Bg5 Be7 6. e3 c6 7. Qc2 0-0 8. Bd3 h6 9. Bf4 Be6 10. h3 c5 11. dxc5 Nc6 12. Nf3 Nb4 13. Qd2 Nxd3+ 14. Qxd3 Bxc5 15. 0-0 Qe7 16. Rfd1 a6 17. Be5 Rfd8 18. Na4 Ba7 19. Bd4 b5 20. Bxa7 Rxa7 21. Nc3 Rc8 22. Nd4 Rac7 23. a4 b4 24. Nce2 a5 25. Rdc1 Bd7 26. Rxc7 Rxc7 27. b3 Rc5 28. Rc1 Rxc1+ 29. Nxc1 Qc5 30. Nce2 Ne4 31. f3 Nd6 32. Kf2 g6 33. g4 Kg7 34. Nf4 Kf6 35. Nde2 Bc6 36. h4 Bb7 37. Qd1 Ke7 38. Qa1 Kd7 39. Qe5 Ne8 40. Nd4 Qe7 41. Qb8 Nd6 42. Nb5 Kc6 43. Nxd6 Qxd6 44. Qe8+ Qd7 45. Qe5 Qd8 46. g5 hxg5 47. hxg5 Qd6 48. Qg7 Qd7 49. Nd3 Qf5 50. Ne5+ Kc5 51. Qf8+ Kb6 52. Qd8+ Ka7 53. Qxa5+ Kb8 54. Qd8+ Ka7 55. Nd7 d4 56. e4 1-0

[Event "NOR-ch"]
[Site "Sarpsborg"]
[Date "2018.07.13"]
[Round "8"]
[White "Urkedal, Frode Olav Olsen"]
[Black "Djurhuus, Rune"]
[Result "1-0"]
[WhiteElo "2552"]
[BlackElo "2438"]
[PlyCount "71"]
[EventDate "2018.07.06"]
[EventType "swiss"]
[EventRounds "9"]
[EventCountry "NOR"]
[SourceTitle "CBM 185 Extra"]
[Source "ChessBase"]
[SourceDate "2018.07.29"]
[SourceVersion "1"]
[SourceVersionDate "2018.07.29"]
[SourceQuality "1"]

1. d4 Nf6 2. c4 g6 3. Nc3 Bg7 4. e4 d6 5. Nf3 0-0 6. h3 c5 7. d5 e6 8. Bd3 exd5 9. exd5 Re8+ 10. Be3 Nbd7 11. 0-0 Rxe3 12. fxe3 Qe7 13. Qd2 b6 14. Qf2 Ba6 15. a4 Ne5 16. Nxe5 Qxe5 17. a5 bxa5 18. Rxa5 Bc8 19. Nb5 Qe7 20. e4 Nd7 21. b4 a6 22. bxc5 Nxc5 23. Bc2 Be5 24. Nd4 Bd7 25. Nf3 Bc3 26. Rxc5 dxc5 27. e5 Re8 28. Kh1 Qf8 29. Qe3 Bb2 30. Rb1 Bxe5 31. Nxe5 Qd6 32. Rb7 Bc8 33. Nxf7 Rxe3 34. Nxd6 Bxb7 35. Nxb7 Kf7 36. d6 1-0